Premier Lacrosse League Teams - Statistics

General Stats
  • This quiz has been taken 290 times
  • The average score is 5 of 6
Answer Stats
Logo Team % Correct
Bear Redwoods
92%
Arrow Archers
91%
Bull Atlas
91%
Scopion Chaos
90%
Knight Helmet Chrome
87%
Serpent Whipsnakes
86%
No matching quizzes found
Score Distribution
Percent of People with Each Score
Percentile by Number Answered
Your Score History
You have not taken this quiz